000 00414nam a2200169Ia 4500
008 210210b2009 xxu||||| |||| 00| 0 eng d
020 _a9788173199257
041 _aeng
082 _a574.873223 ROYC
100 _aROY (Darbeshwar)
245 _aCytogenetics
260 _aNew Delhi
_bNarosa Publishing House
_c2009
300 _axv,263
650 _aCytogenetics
690 _aCell Biology
906 _a064779
999 _c141734
_d141734